Teoría general del Estado : ciencia de la política /
Guardado en:
| Autor principal: | |
|---|---|
| Otros autores: | |
| Formato: | Libro |
| Idioma: | Español |
| Publicado: |
México :
Porrúa : UNAM, Instituto de Investigaciones Jurídicas,
1985, c1985
|
| Colección: | (Serie G. Estudios Doctrinales ;
82) |
| Temas: | |
| Etiquetas: |
Sin etiquetas, Sé el primero en etiquetar este registro!
|
MARC
| LEADER | 00000nam^a2200000^a^4500 | ||
|---|---|---|---|
| 001 | 000211242 | ||
| 005 | 20250521000000.0 | ||
| 009 | 20260310103417.828 | ||
| 020 | |a 968-837-479-2 | ||
| 035 | |a 027942 | ||
| 037 | |a Acervo Xavier Clavigero | ||
| 041 | |a ESP | ||
| 082 | |a 320. 012 |b ZIP | ||
| 100 | |a Zippelius, Reinhold |e (autor) | ||
| 245 | 1 | 0 | |a Teoría general del Estado : |b ciencia de la política / |c R. Zippelius ; tr. por H. Fix-Fierro. |
| 264 | 4 | |a México : |b Porrúa : |b UNAM, Instituto de Investigaciones Jurídicas, |c 1985, c1985 | |
| 300 | |a XVIII, 467 p. | ||
| 336 | |a texto |b txt |2 rdacontenido | ||
| 337 | |a sin mediación |b n |2 rdamedio | ||
| 338 | |a volumen |b nc |2 rdasoporte | ||
| 440 | 1 | |a (Serie G. |p Estudios Doctrinales ; |v 82) | |
| 500 | |a Traducción de: Allgemeine Staatslehre. Politikwissenschaft) | ||
| 649 | |a XX | ||
| 650 | |a Estado, El - |x Teoría - |x Tema Principal | ||
| 650 | |a Política - |x Teoría | ||
| 700 | |a Fix-Fierro, Héctor |e (traducción) | ||
| 910 | |a Fondo General | ||
| 920 | |a Impresos - Libros | ||
| 930 | |a Colección General | ||
| 905 | |a 101 | ||
| 901 | |a 027942 |b IT1 |c ACC |i 027942 |u 20250521 | ||
| 902 | |a https://opac.biblio.iteso.mx/vufind/Record/000211242 | ||